000 00794nam a2200217Ii 4500
003 JO-AjNU
008 230605s9999||||xx |||||||||||||| ||und||
017 _a2018/1362
040 _aJO-AjNU
_bara
_erda
_cJO-AjNU
041 _aara
050 1 4 _aHM1121.T36 2018
100 3 _aاعداد وتاليف الطعاني، هيثم، هايل طشطوش,
_eauthor
_961064
245 0 0 _aالعنف المجتمعي بين التحليل والحلول
250 _aالطبعة الاولى
264 3 1 _aعمان: المؤلفان2018
300 _a207ص
_b ويحتوي على قائمة مراجع من ص197-ص207
336 _atext
_btxt
_2rdacontent
337 _aunmediated
_bn
_2rdamedia
338 _avolume
_bnc
_2rdacarrier
650 4 _aالعنف-جوانب اجتماعية
_961065
999 _aA27578
_c31146
_d31146